[Event "Titled Tuesday intern op 01st Apr Early"]
[Site "Chess.com INT"]
[Date "2025.04.01"]
[Round "1"]
[White "Robert, Yoann"]
[Black "Ibarra Jerez, Jose Carlos"]
[Result "0-1"]
[WhiteElo "2197"]
[BlackElo "2559"]
[PlyCount "118"]
[EventDate "2025.04.01"]
[EventType "swiss (blitz)"]
[EventRounds "11"]
[EventCountry "USA"]
[SourceTitle "CB15_2025"]
[SourceDate "2025.04.09"]
[SourceVersion "1"]
[SourceVersionDate "2025.04.09"]
[SourceQuality "1"]

1. b3 c5 2. Bb2 d6 3. e3 Nc6 4. Nf3 e5 5. d3 f5 6. c4 Nf6 7. Nbd2 g6 8. Qc2 Bg7 9. Be2 0-0 10. a3 a5 11. 0-0 h6 12. Rfd1 g5 13. Ne1 g4 14. d4 cxd4 15. exd4 Nxd4 16. Bxd4 exd4 17. Nd3 Ne4 18. Nf4 Qg5 19. g3 Nc3 20. Bd3 Nxd1 21. Rxd1 Bd7 22. h4 gxh3 23. Nf3 Qd8 24. Nh4 Qc8 25. Nd5 Qd8 26. Nxf5 Bxf5 27. Bxf5 Qg5 28. Bxh3 Rae8 29. Qd3 Qh5 30. Bg2 Qe2 31. Nf4 Qxd3 32. Rxd3 b6 33. Kf1 Be5 34. Bd5+ Kh7 35. Ne6 Rh8 36. Be4+ Kg8 37. Bd5 Re7 38. Nxd4+ Kf8 39. Rf3+ Ke8 40. Nf5 Rc7 41. Re3 Kd8 42. f4 Bb2 43. Nxd6 Rf8 44. Nb5 Re7 45. Rxe7 Kxe7 46. Ke2 h5 47. Kf3 Bc1 48. Nd4 h4 49. Nc6+ Kd6 50. gxh4 Rxf4+ 51. Ke2 Bxa3 52. b4 axb4 53. h5 Rh4 54. Nd4 Rxd4 55. h6 Rxd5 56. cxd5 Kxd5 57. h7 Bb2 58. Kd3 Bh8 59. Kc2 Kc4 0-1

[Event "Titled Tuesday intern op 18th Mar Late"]
[Site "Chess.com INT"]
[Date "2025.03.18"]
[Round "3"]
[White "Ibarra Jerez, Jose Carlos"]
[Black "Fellowes, Billy"]
[Result "0-1"]
[WhiteElo "2559"]
[BlackElo "2203"]
[PlyCount "66"]
[EventDate "2025.03.18"]
[EventType "swiss (blitz)"]
[EventRounds "11"]
[EventCountry "USA"]
[SourceTitle "CB13_2025"]
[SourceDate "2025.03.26"]
[SourceVersion "1"]
[SourceVersionDate "2025.03.26"]
[SourceQuality "1"]

1. e4 Nc6 2. Nf3 d6 3. d4 Nf6 4. Nc3 Bg4 5. Be3 e5 6. d5 Ne7 7. h3 Bd7 8. g4 g6 9. Qd2 Bg7 10. 0-0-0 b5 11. Bd3 b4 12. Ne2 a5 13. Ng3 h6 14. Kb1 c6 15. dxc6 Bxc6 16. g5 hxg5 17. Nxg5 d5 18. Bc5 0-0 19. Qe2 Re8 20. h4 Qc7 21. h5 dxe4 22. hxg6 Nxg6 23. Bc4 Nf4 24. Qe3 Bd5 25. Bb5 Rec8 26. Bb6 Qxc2+ 27. Ka1 a4 28. Rc1 a3 29. Rxc2 Rxc2 30. b3 Ng4 31. Qe1 e3 32. fxe3 Rb8 33. exf4 exf4+ 0-1

[Event "Titled Tuesday intern op 18th Mar Late"]
[Site "Chess.com INT"]
[Date "2025.03.18"]
[Round "10"]
[White "Ibarra Jerez, Jose Carlos"]
[Black "Povshednyi, Ivan"]
[Result "1-0"]
[WhiteElo "2559"]
[BlackElo "2291"]
[PlyCount "124"]
[EventDate "2025.03.18"]
[EventType "swiss (blitz)"]
[EventRounds "11"]
[EventCountry "USA"]
[SourceTitle "CB13_2025"]
[SourceDate "2025.03.26"]
[SourceVersion "1"]
[SourceVersionDate "2025.03.26"]
[SourceQuality "1"]

1. e4 c6 2. Nf3 d5 3. d3 Qc7 4. exd5 cxd5 5. c4 Nf6 6. Nc3 dxc4 7. dxc4 a6 8. g3 Nc6 9. Qe2 Bg4 10. Bg2 Nd4 11. Qd3 Nxf3+ 12. Bxf3 Bxf3 13. Qxf3 e6 14. Bf4 Qb6 15. 0-0 Rc8 16. b3 Be7 17. Rad1 0-0 18. Rfe1 Qc6 19. Qxc6 Rxc6 20. Nd5 exd5 21. cxd5 Nxd5 22. Rxd5 Bf6 23. Rd7 b5 24. Re2 h5 25. Kg2 Kh7 26. Bc7 Rc8 27. Ba5 Kg6 28. a4 bxa4 29. bxa4 Rc4 30. Ra2 Rc2 31. Rxc2 Rxc2 32. Bb6 Ra2 33. a5 Bc3 34. Ra7 f6 35. Rxa6 Kf5 36. Ra8 g5 37. a6 g4 38. a7 Ra6 39. Rb8 Ba5 40. Be3 Bc7 41. a8Q Rxa8 42. Rxa8 Be5 43. Ra5 Kg6 44. Rb5 Kf5 45. Bd4 Ke4 46. Bxe5 fxe5 47. Rb8 Kf5 48. Rg8 e4 49. Rf8+ Kg6 50. Rf4 Kg5 51. Rxe4 h4 52. gxh4+ Kxh4 53. h3 Kh5 54. Rxg4 Kh6 55. Kf3 Kh5 56. Ke4 Kh6 57. Ke5 Kh5 58. Ke6 Kh6 59. Kf7 Kh5 60. f4 Kh6 61. f5 Kh5 62. Kf6 Kh6 1-0